000 00516nam a2200193Ia 4500
003 GCL
008 140319s9999 xx 000 0 ara d
040 _aGCL /
_cGCL
082 0 4 _a616.89
_bد ر
100 1 _aدار الهلال
245 1 0 _aرحلة داخل النفس البشرية /
_cدار الهلال
490 _a
650 0 4 _aالطب
650 0 4 _aالشخصية
650 0 4 _aالعلاج
650 0 4 _aالامراض النفسية
650 0 4 _aالنفس البشرية
942 _2ddc
_cBK
999 _c38492
_d38492